Statistiques concernant Pays commençant par la lettre T

Cliquez ici pour prendre le quiz!

Statistiques générales

  • Ce quiz a été pris 53 597 fois
  • Le résultat moyen est 9 sur 13

Statistiques - réponses

Pays% Correct
Turquie
89%
Turkménistan
82%
Tanzanie
79%
Togo
77%
Tadjikistan
74%
Thaïlande
74%
Tunisie
73%
Tuvalu
60%
Taïwan
59%
Trinité-et-Tobago
58%
Tchad
57%
Tonga
54%
Timor oriental
52%

Distribution des résultats

Percentile par nombre de réponses

% des personnes avec chaque résultat

Votre développement - résultats

Vous n’avez pas pris ce quiz